[Event "Aberto do Brasil Professor Joao Braga"]
[Site "CXSP Sao Paulo"]
[Date "2014.08.02"]
[Round "3.4"]
[White "Abdalla, Luiz Guilherme Aurel"]
[Black "Carneiro, Vitor Roberto Castro"]
[Result "0-1"]
[WhiteElo "2289"]
[BlackElo "2246"]
[PlyCount "152"]
[EventDate "2014.08.01"]

1. d4 f5 2. Nc3 Nf6 3. Bg5 d5 4. Bxf6 exf6 5. e3 Be6 6. Bd3 Nc6 7. Qf3 Qd7 8.
a3 O-O-O 9. Nge2 g5 10. g3 Kb8 11. h4 Ne7 12. O-O-O Nc8 13. hxg5 fxg5 14. Rh5
h6 15. Qh1 Bg7 16. Rh2 Rhf8 17. Kb1 c6 18. f3 Nd6 19. e4 dxe4 20. fxe4 fxe4 21.
Nxe4 Nxe4 22. Bxe4 c5 23. Rd3 cxd4 24. Nxd4 Bxd4 25. c3 Qb5 26. cxd4 Bc4 27.
Rf3 Be2 28. Rff2 Bd3+ 29. Bxd3 Qxd3+ 30. Ka1 Rxf2 31. Rxf2 Qxd4 32. Rf1 Qd6 33.
g4 a6 34. Qe4 Qb6 35. Qe5+ Ka8 36. Rh1 Qc6 37. Rf1 Qc4 38. Qf6 Rc8 39. Rg1 Qc6
40. Qg7 Qe6 41. Qd4 Rc4 42. Qd1 Re4 43. Qd8+ Ka7 44. Qd1 Rf4 45. Rg2 Qe4 46.
Rg1 Qd4 47. Qxd4+ Rxd4 48. Rh1 Rd6 49. Kb1 Kb6 50. Kc2 Kc5 51. Kc3 Kd5 52. Re1
Re6 53. Rd1+ Ke5 54. Re1+ Kf6 55. Rf1+ Kg6 56. Kd3 Rf6 57. Re1 Rf3+ 58. Kd2 b5
59. Re8 Rf4 60. Re6+ Kg7 61. Rxa6 Rxg4 62. Ke3 h5 63. Kf3 Rf4+ 64. Kg2 Rd4 65.
b4 h4 66. Kh3 Rd3+ 67. Kg4 Rg3+ 68. Kf5 h3 69. Rg6+ Kh7 70. Ra6 g4 71. Kg5 Rg2
72. a4 bxa4 73. Rxa4 h2 74. Ra7+ Kg8 75. Ra8+ Kf7 76. Rh8 g3 0-1

[Event "Aberto do Brasil Professor Joao Braga"]
[Site "CXSP Sao Paulo"]
[Date "2014.08.02"]
[Round "3.5"]
[White "Fernandez, Daniel"]
[Black "Yanaguihara, Vitor Kioshi"]
[Result "1-0"]
[WhiteElo "2399"]
[BlackElo "1795"]
[PlyCount "95"]
[EventDate "2014.08.01"]

1. d4 Nf6 2. c4 e5 3. dxe5 Ng4 4. Bf4 Nc6 5. Nf3 Bb4+ 6. Nbd2 Qe7 7. e3 Ngxe5
8. Nxe5 Nxe5 9. a3 Bxd2+ 10. Qxd2 a5 11. Qc3 d6 12. c5 O-O 13. Be2 f6 14. cxd6
Qxd6 15. Rc1 c6 16. O-O Kh8 17. Rfd1 Qe7 18. e4 Nf7 19. f3 Be6 20. Be3 Qc7 21.
Bd4 Kg8 22. Qe3 a4 23. Bb6 Qc8 24. Bf1 Bb3 25. Rd4 Ne5 26. Qd2 Be6 27. Bc5 Rd8
28. Rd1 Rxd4 29. Qxd4 Qd7 30. f4 Qxd4+ 31. Rxd4 Nd7 32. Bd6 g6 33. Kf2 Kf7 34.
Ke3 c5 35. Rd2 b6 36. Bb5 Ra5 37. Bc6 Ra7 38. h3 h5 39. Rf2 f5 40. e5 Bb3 41.
Rd2 Ke6 42. Kf3 Bc4 43. g4 hxg4+ 44. hxg4 Bb3 45. gxf5+ gxf5 46. Ke3 Bc4 47.
Rh2 Bb3 48. Rh7 1-0

[Event "Aberto do Brasil Professor Joao Braga"]
[Site "CXSP Sao Paulo"]
[Date "2014.08.02"]
[Round "3.6"]
[White "Rodrigues, Leonardo De Miranda"]
[Black "Proudian, Armen"]
[Result "0-1"]
[WhiteElo "2143"]
[BlackElo "2322"]
[PlyCount "78"]
[EventDate "2014.08.01"]

1. Nf3 Nf6 2. g3 b5 3. Bg2 Bb7 4. d3 e6 5. e4 c5 6. O-O Be7 7. a4 a6 8. Re1 O-O
9. axb5 axb5 10. Rxa8 Bxa8 11. Nc3 b4 12. Ne2 d5 13. e5 Nfd7 14. Nf4 Re8 15. h4
Nc6 16. Bh3 Nf8 17. Ng5 Bxg5 18. hxg5 Nd7 19. Nh5 Ncxe5 20. f4 Nc6 21. f5 exf5
22. Rxe8+ Qxe8 23. Bxf5 Nd4 24. Bg4 Ne5 25. c3 bxc3 26. bxc3 Ne6 27. Qe2 Nxg4
28. Qxg4 d4 29. Nf6+ gxf6 30. gxf6+ Kh8 31. Bh6 Qg8 32. Qh4 Qg6 33. cxd4 cxd4
34. Bg7+ Kg8 35. Kh2 Qxd3 36. Qh6 Qe2+ 37. Kh3 Bg2+ 38. Kh4 Qe4+ 39. g4 Qe1+
0-1

[Event "Aberto do Brasil Professor Joao Braga"]
[Site "CXSP Sao Paulo"]
[Date "2014.08.02"]
[Round "3.7"]
[White "Salama, Andre Sasson"]
[Black "Garkauskas, Otto Dmitry"]
[Result "0-1"]
[WhiteElo "1977"]
[BlackElo "2174"]
[PlyCount "166"]
[EventDate "2014.08.01"]

1. e4 c5 2. Nf3 Nc6 3. Bb5 Nf6 4. Nc3 g6 5. e5 Ng4 6. Bxc6 dxc6 7. O-O Bg7 8.
Re1 O-O 9. d3 Nh6 10. Ne4 b6 11. Bf4 f6 12. Qe2 Nf7 13. exf6 exf6 14. Nc3 g5
15. Bd2 f5 16. Qe7 Bf6 17. Qxd8 Rxd8 18. h3 c4 19. dxc4 g4 20. hxg4 fxg4 21.
Ne4 Bxb2 22. Rab1 Bg7 23. Nfg5 Ne5 24. Bf4 h6 25. Ng3 Ng6 26. Bc7 Rd7 27. Ne6
Bc3 28. Re3 Re7 29. Rxc3 Bxe6 30. Bd6 Rd7 31. Ne4 Kf7 32. Bg3 Rad8 33. c5 Bxa2
34. Ra1 Rd1+ 35. Rxd1 Rxd1+ 36. Kh2 Bd5 37. Nd6+ Ke6 38. Nc8 bxc5 39. Nxa7 Kd7
40. Rxc5 Ra1 41. Nb5 Ra5 42. c4 Bg8 43. Rh5 cxb5 44. cxb5 Ne7 45. Rxh6 Rxb5 46.
Rd6+ Ke8 47. Bh4 Rh5 48. g3 Bd5 49. f4 gxf3 50. Kg1 Re5 51. g4 Bb7 52. Rb6 Bc8
53. Rb8 Rc5 54. Kf2 Ng6 55. Bf6 Kf7 56. Bd4 Rc4 57. Kxf3 Be6 58. Rb7+ Ke8 59.
Ke3 Bxg4 60. Rg7 Bf5 61. Ra7 Rb4 62. Bc5 Re4+ 63. Kd2 Rc4 64. Ba3 Bd7 65. Bb2
Ke7 66. Ba3+ Ke6 67. Ra6+ Kf5 68. Bb2 Nf4 69. Rd6 Ba4 70. Bc3 Re4 71. Bd4 Re2+
72. Kc3 Rc2+ 73. Kb4 Bc6 74. Kb3 Be4 75. Rf6+ Kg5 76. Be5 Ne2 77. Rf8 Nc1+ 78.
Ka3 Ra2+ 79. Kb4 Nd3+ 80. Kb3 Bd5+ 81. Kc3 Nxe5 82. Kd4 Nd7 83. Rd8 Be6 0-1

[Event "Aberto do Brasil Professor Joao Braga"]
[Site "CXSP Sao Paulo"]
[Date "2014.08.02"]
[Round "3.8"]
[White "Pereira, Jorge Luiz Rodrigues"]
[Black "Van Riemsdijk, Dirk D"]
[Result "1-0"]
[WhiteElo "1912"]
[BlackElo "2108"]
[PlyCount "133"]
[EventDate "2014.08.01"]

1. e4 c6 2. d4 d5 3. e5 Bf5 4. Nf3 e6 5. Be2 c5 6. Be3 Nd7 7. O-O Ne7 8. c4
dxc4 9. Na3 Nd5 10. Nxc4 b5 11. Bg5 f6 12. exf6 gxf6 13. Nce5 c4 14. a4 fxg5
15. Nxd7 Qxd7 16. Ne5 Qc7 17. Bh5+ Bg6 18. axb5 Bd6 19. b6 Nxb6 20. Qg4 Bxe5
21. Qxe6+ Kf8 22. dxe5 Qe7 23. Qg4 Kg7 24. f4 gxf4 25. Rxf4 Rhf8 26. Bxg6 hxg6
27. Rd4 Rad8 28. e6 Rxd4 29. Qxd4+ Kg8 30. Re1 Qg7 31. Qe4 Qf6 32. h3 Re8 33.
h4 Kg7 34. h5 gxh5 35. Re3 h4 36. Qg4+ Kf8 37. Rf3 Qxf3 38. Qxf3+ Ke7 39. Qf7+
Kd8 40. Kh2 a5 41. Qf6+ Kc7 42. e7 Nc8 43. Qe5+ Kd7 44. Qd4+ Nd6 45. Qa7+ Ke6
46. Qxa5 Rxe7 47. Qe1+ Kd7 48. Qxh4 Re3 49. Qh7+ Ke6 50. Qh8 Rd3 51. g4 Nb5 52.
Qc8+ Kd5 53. Qb7+ Ke5 54. Qe7+ Kd5 55. Qd7+ Kc5 56. Qe7+ Kd5 57. Qf7+ Kc5 58.
Qf4 Nd4 59. g5 Rd2+ 60. Kh1 Rd1+ 61. Kg2 Kd5 62. Qf7+ Ke4 63. Qxc4 Rd2+ 64. Kh3
Kf5 65. Qc5+ Kf4 66. Qc7+ Kxg5 67. Qa5+ 1-0

[Event "Aberto do Brasil Professor Joao Braga"]
[Site "CXSP Sao Paulo"]
[Date "2014.08.02"]
[Round "3.9"]
[White "Abrantes, Tiago Garrido"]
[Black "De Souza, Camila"]
[Result "1-0"]
[WhiteElo "2107"]
[BlackElo "1824"]
[PlyCount "91"]
[EventDate "2014.08.01"]

1. d4 Nf6 2. c4 e6 3. g3 Bb4+ 4. Bd2 Be7 5. Bg2 d5 6. Nf3 O-O 7. O-O c6 8. Qc2
b6 9. Bf4 Bb7 10. Rd1 Nbd7 11. Ne5 Rc8 12. Nc3 c5 13. cxd5 exd5 14. dxc5 Nxe5
15. Bxe5 Bxc5 16. e3 Qe7 17. Qf5 Qe6 18. Bh3 Rcd8 19. Qxe6 fxe6 20. Bxe6+ Kh8
21. Bxf6 Rxf6 22. Bxd5 Ba6 23. Ne4 Rff8 24. Nxc5 bxc5 25. e4 Be2 26. Rdc1 c4
27. Bxc4 Bxc4 28. Rxc4 Rd2 29. Rac1 Kg8 30. Rc8 Rdxf2 31. Rxf8+ Rxf8 32. Rc7
Rb8 33. b3 a6 34. Kf2 Rb5 35. Ke3 g5 36. h3 Rb4 37. Rc5 g4 38. h4 Kf7 39. Rc6
a5 40. Ra6 Rb5 41. Kf4 h5 42. e5 Rd5 43. Kf5 Rd3 44. Ra7+ Ke8 45. Ke6 Rd8 46.
Rh7 1-0

[Event "Aberto do Brasil Professor Joao Braga"]
[Site "CXSP Sao Paulo"]
[Date "2014.08.02"]
[Round "3.10"]
[White "Vieira, Alexandre Letizio"]
[Black "Abdalla, Jose Lucas Aurelli"]
[Result "0-1"]
[WhiteElo "1822"]
[BlackElo "2090"]
[PlyCount "104"]
[EventDate "2014.08.01"]

1. f4 c5 2. Nf3 Nc6 3. e3 g6 4. Bb5 Bg7 5. O-O d6 6. Nc3 Nf6 7. d3 Bd7 8. e4
O-O 9. a3 a6 10. Ba4 b5 11. Bb3 Qb6 12. Kh1 a5 13. Qe1 a4 14. Ba2 b4 15. Nd5
Nxd5 16. exd5 Nb8 17. axb4 cxb4 18. Be3 Qb7 19. Bd4 Bxd4 20. Nxd4 b3 21. cxb3
Qxd5 22. Qe4 Qxe4 23. dxe4 Nc6 24. Nxc6 Bxc6 25. bxa4 Rxa4 26. Bd5 Rxa1 27.
Rxa1 Bxd5 28. exd5 Rb8 29. Rb1 Rb5 30. b4 Rxd5 31. b5 Rc5 32. b6 Rc8 33. Kg1
Kf8 34. Kf2 Ke8 35. Ke3 Kd7 36. Ra1 Rb8 37. Ra7+ Kd8 38. Ra6 Rb7 39. Kd4 Kd7
40. g4 Kc6 41. Ra8 Rxb6 42. Rf8 f6 43. Rf7 e5+ 44. fxe5 fxe5+ 45. Ke4 Rb7 46.
Rf6 Rb4+ 47. Kf3 Rf4+ 48. Rxf4 exf4 49. Kxf4 d5 50. h4 d4 51. Ke4 Kc5 52. Kd3
Kd5 0-1

[Event "Aberto do Brasil Professor Joao Braga"]
[Site "CXSP Sao Paulo"]
[Date "2014.08.02"]
[Round "3.11"]
[White "De Souza, Cristiano Gomes"]
[Black "Santa Isabel, Marivaldo Dos Re"]
[Result "0-1"]
[WhiteElo "2016"]
[BlackElo "1705"]
[PlyCount "45"]
[EventDate "2014.08.01"]

1. d4 e6 2. c4 Nf6 3. Nf3 d5 4. Nc3 Be7 5. Bg5 O-O 6. e3 Nbd7 7. Bd3 dxc4 8.
Bxc4 c5 9. O-O Nb6 10. Be2 Nfd5 11. Bxe7 Qxe7 12. e4 Nf4 13. Qc2 Nxe2+ 14. Qxe2
cxd4 15. Nxd4 e5 16. Nc2 Be6 17. Ne3 Rad8 18. a4 Qb4 19. a5 Nd7 20. Ned5 Bxd5
21. Nxd5 Qd6 22. Rfd1 Qe6 23. Qb5 {Cellphone} 0-1

[Event "Aberto do Brasil Professor Joao Braga"]
[Site "CXSP Sao Paulo"]
[Date "2014.08.02"]
[Round "3.12"]
[White "Da Silva, Andressa Muniz"]
[Black "Guimaraes, Artemis Pamela"]
[Result "1/2-1/2"]
[WhiteElo "1471"]
[BlackElo "1996"]
[PlyCount "106"]
[EventDate "2014.08.01"]

1. e4 e5 2. Nf3 Nc6 3. Bb5 Nf6 4. d3 d6 5. O-O g6 6. Nc3 Bg7 7. Be3 O-O 8. h3
a6 9. Bxc6 bxc6 10. Re1 c5 11. Qd2 Bb7 12. b3 Nh5 13. Rab1 f5 14. Bg5 Qd7 15.
Bh6 Rae8 16. Bxg7 Qxg7 17. b4 cxb4 18. Rxb4 Bc8 19. Nd5 fxe4 20. Rbxe4 Bxh3 21.
Ng5 Bf5 22. Rc4 c5 23. Rb1 h6 24. Ne4 Rd8 25. Qa5 Qf7 26. Qc7 Qxd5 27. Rb7 Rd7
28. Qxd7 Bxd7 29. Rxd7 Nf6 30. Rxd6 Qxc4 31. Nxf6+ Rxf6 32. Rd8+ Kf7 33. dxc4
Ke7 34. Rd5 Rc6 35. Rxe5+ Kf6 36. Re3 Rd6 37. Ra3 Rb6 38. Rb3 Rc6 39. Rd3 h5
40. g3 Ke5 41. Rd5+ Ke6 42. f4 Rd6 43. Rxd6+ Kxd6 44. Kf2 Ke6 45. Kf3 Kf5 46.
a3 a5 47. a4 g5 48. fxg5 Kxg5 49. c3 Kf5 50. Ke3 Kg4 51. Kf2 Kf5 52. Kf3 Kg5
53. Kf2 Kf5 1/2-1/2

[Event "Aberto do Brasil Professor Joao Braga"]
[Site "CXSP Sao Paulo"]
[Date "2014.08.02"]
[Round "3.18"]
[White "Ishida, Leopoldo Tetsuo"]
[Black "De Oliveira, Francemir Barra"]
[Result "0-1"]
[WhiteElo "1490"]
[BlackElo "1762"]
[PlyCount "36"]
[EventDate "2014.08.01"]

1. d4 e6 2. Nf3 b6 3. c4 Bb7 4. Nc3 f5 5. Bg5 Be7 6. Bxe7 Qxe7 7. e3 Nf6 8. Bd3
O-O 9. O-O d6 10. Qe2 Nbd7 11. e4 f4 12. e5 Ng4 13. exd6 cxd6 14. Ng5 Qxg5 15.
Qxe6+ Rf7 16. Bxh7+ Kxh7 17. Qxf7 Nxh2 18. d5 Nf3+ 0-1

[Event "Aberto do Brasil Professor Joao Braga"]
[Site "CXSP Sao Paulo"]
[Date "2014.08.02"]
[Round "3.19"]
[White "De Assis, Rubens Mesquita"]
[Black "Camargo, Luca Oshiro"]
[Result "1-0"]
[WhiteElo "1728"]
[BlackElo "1476"]
[PlyCount "67"]
[EventDate "2014.08.01"]

1. d4 d5 2. c4 Bf5 3. cxd5 Bxb1 4. Qa4+ c6 5. dxc6 Nxc6 6. Rxb1 e5 7. e3 Bb4+
8. Bd2 Bxd2+ 9. Kxd2 Nf6 10. Bb5 Qd5 11. Nf3 O-O 12. Bxc6 bxc6 13. Rhc1 exd4
14. Qxc6 dxe3+ 15. Ke2 Qxc6 16. Rxc6 exf2 17. Kxf2 Rfe8 18. Re1 Rxe1 19. Kxe1
Nd5 20. Rd6 Re8+ 21. Kf2 Nf4 22. Rd7 a5 23. Ra7 h6 24. Rxa5 Re2+ 25. Kf1 Rxb2
26. Ra8+ Kh7 27. a4 Rxg2 28. a5 Ra2 29. Ne5 f5 30. a6 g5 31. a7 Ra6 32. Nc6
Rxc6 33. Rh8+ Kxh8 34. a8=Q+ 1-0

[Event "Aberto do Brasil Professor Joao Braga"]
[Site "CXSP Sao Paulo"]
[Date "2014.08.02"]
[Round "4.1"]
[White "Matsuura, Everaldo"]
[Black "Mendonca, Mateus Nakajo"]
[Result "1/2-1/2"]
[WhiteElo "2473"]
[BlackElo "2341"]
[PlyCount "58"]
[EventDate "2014.08.01"]

1. e4 c5 2. Nf3 e6 3. c3 Nf6 4. e5 Nd5 5. d4 cxd4 6. cxd4 d6 7. Bc4 Nc6 8. O-O
Be7 9. Qe2 O-O 10. Nc3 Nxc3 11. bxc3 b6 12. Bd3 Bb7 13. Qe4 g6 14. Bh6 Re8 15.
Bb5 Qc7 16. Qf4 dxe5 17. Nxe5 Nxe5 18. Bxe8 Nf3+ 19. gxf3 Qxf4 20. Bxf4 Rxe8
21. a4 Bxf3 22. a5 b5 23. a6 Rd8 24. Rfe1 Bd5 25. Reb1 Bc4 26. f3 Bd3 27. Rd1
Be2 28. Rdb1 Bd3 29. Rd1 Be2 1/2-1/2

[Event "Aberto do Brasil Professor Joao Braga"]
[Site "CXSP Sao Paulo"]
[Date "2014.08.02"]
[Round "4.2"]
[White "Quintiliano Pinto, Renato R"]
[Black "Carneiro, Vitor Roberto Castr"]
[Result "1-0"]
[WhiteElo "2370"]
[BlackElo "2246"]
[PlyCount "83"]
[EventDate "2014.08.01"]

1. d4 f5 2. g3 Nf6 3. Bg2 e6 4. c4 d5 5. Nf3 c6 6. O-O Bd6 7. b3 Qe7 8. Bb2 O-O
9. Qc2 Ne4 10. Nbd2 Nd7 11. Rad1 b6 12. Ne1 Bb7 13. Nd3 Rac8 14. f3 Nxd2 15.
Qxd2 dxc4 16. bxc4 c5 17. Nf2 Rfd8 18. d5 Ne5 19. Bxe5 Bxe5 20. f4 Bb8 21. e4
fxe4 22. Bxe4 exd5 23. cxd5 Rd6 24. Qc2 Rcd8 25. Rfe1 Kh8 26. Bxh7 Qf8 27. Be4
Bxd5 28. Rxd5 Rxd5 29. Bxd5 Rxd5 30. Qg6 Rd8 31. Nh3 Bxf4 32. Nxf4 Qf6 33. Qh5+
Qh6 34. Re8+ Rxe8 35. Qxe8+ Kh7 36. Qe4+ Kg8 37. Qa8+ Kh7 38. Qxa7 Qd6 39. Qf7
Qd4+ 40. Kg2 c4 41. Qh5+ Kg8 42. Qd5+ 1-0

[Event "Aberto do Brasil Professor Joao Braga"]
[Site "CXSP Sao Paulo"]
[Date "2014.08.02"]
[Round "4.3"]
[White "Proudian, Armen"]
[Black "Fernandez, Daniel"]
[Result "1-0"]
[WhiteElo "2322"]
[BlackElo "2399"]
[PlyCount "43"]
[EventDate "2014.08.01"]

1. e4 c5 2. Nf3 e6 3. d4 cxd4 4. Nxd4 Nf6 5. Nc3 d6 6. g4 h6 7. h4 Nc6 8. Rg1
d5 9. exd5 Nxd5 10. Nxd5 exd5 11. Be3 Be7 12. g5 hxg5 13. hxg5 Rh4 14. Qd2 Kf8
15. O-O-O Nxd4 16. Bxd4 Bf5 17. f4 Bd6 18. Kb1 Qc7 19. Bd3 Bxd3 20. Qxd3 Bxf4
21. Rh1 Bh2 22. Bf2 1-0

[Event "Aberto do Brasil Professor Joao Braga"]
[Site "CXSP Sao Paulo"]
[Date "2014.08.02"]
[Round "4.4"]
[White "Garkauskas, Otto Dmitry"]
[Black "Pereira, Jorge Luiz Rodrigues"]
[Result "1-0"]
[WhiteElo "2174"]
[BlackElo "1912"]
[PlyCount "77"]
[EventDate "2014.08.01"]

1. d4 Nf6 2. c4 g6 3. Nc3 d5 4. cxd5 Nxd5 5. Bd2 Nb6 6. Bf4 Bg7 7. Nf3 O-O 8.
e3 Nc6 9. Be2 Be6 10. Rc1 Rc8 11. O-O a6 12. Ne4 Nb4 13. a3 N4d5 14. Bg3 Nf6
15. Nc5 Bd5 16. Nd2 Nbd7 17. b4 Nxc5 18. bxc5 b5 19. c6 Rb8 20. f3 Nh5 21. Bf2
Qd6 22. g4 Nf6 23. e4 Qxa3 24. exd5 Nxd5 25. Qb3 Qxb3 26. Nxb3 Bh6 27. Ra1 Nf4
28. Rfe1 Nh3+ 29. Kg2 Nf4+ 30. Kh1 Ra8 31. Nc5 Nd5 32. Nxa6 Bd2 33. Red1 Bc3
34. Ra2 Rfb8 35. Rb1 b4 36. Bc4 Rd8 37. Bxd5 Rxd5 38. Nxc7 Rxa2 39. Nxd5 1-0

[Event "Aberto do Brasil Professor Joao Braga"]
[Site "CXSP Sao Paulo"]
[Date "2014.08.02"]
[Round "4.5"]
[White "Dos Reis, Leandro Aparecido C"]
[Black "Abdalla, Luiz Guilherme Aure"]
[Result "0-1"]
[WhiteElo "1944"]
[BlackElo "2289"]
[PlyCount "52"]
[EventDate "2014.08.01"]

1. Nf3 c5 2. e3 d5 3. d4 Nf6 4. c4 e6 5. Nc3 Nc6 6. Bd3 a6 7. dxc5 Bxc5 8. a3
O-O 9. O-O Ba7 10. cxd5 exd5 11. h3 Re8 12. b4 Qd6 13. Ne2 Bd7 14. Bb2 Rad8 15.
Ned4 Bb8 16. Nxc6 Bxc6 17. Bd4 Ne4 18. Bb6 Ng5 19. Re1 Ba4 20. Qxa4 Nxf3+ 21.
gxf3 Qxb6 22. Qc2 Qh6 23. Bf1 Re6 24. Bg2 d4 25. Rad1 Qg5 26. exd4 Rg6 0-1

[Event "Aberto do Brasil Professor Joao Braga"]
[Site "CXSP Sao Paulo"]
[Date "2014.08.02"]
[Round "4.6"]
[White "Sztokbant, Bernardo Vainzoff"]
[Black "Vallejos, Jose Adolfo"]
[Result "1-0"]
[WhiteElo "2250"]
[BlackElo "1917"]
[PlyCount "69"]
[EventDate "2014.08.01"]

1. e4 c5 2. Nf3 d6 3. d4 cxd4 4. Nxd4 Nf6 5. Nc3 a6 6. Be2 g6 7. O-O Bg7 8. Bg5
O-O 9. Re1 b5 10. a4 b4 11. Nd5 Nxd5 12. exd5 Re8 13. a5 Qc7 14. Bf3 Bb7 15.
Ra4 Qc5 16. Be3 Bxd5 17. Ne2 Bxf3 18. Bxc5 Bxe2 19. Qd5 Bb5 20. Qxa8 Bxa4 21.
Bxd6 Bc6 22. Qa7 Nd7 23. Qc7 Ba4 24. Rxe7 Rxe7 25. Bxe7 Bxb2 26. Qc8+ Kg7 27.
Qxa6 Bxc2 28. Bxb4 Bf5 29. Qc6 Bd4 30. Bc3 Bf6 31. Bxf6+ Nxf6 32. Qc3 g5 33. a6
Be4 34. a7 Kg6 35. Qc8 1-0

[Event "Aberto do Brasil Professor Joao Braga"]
[Site "CXSP Sao Paulo"]
[Date "2014.08.02"]
[Round "4.7"]
[White "Abdalla, Jose Lucas Aurelli"]
[Black "Tsuboi, Edson Kenji"]
[Result "1/2-1/2"]
[WhiteElo "2090"]
[BlackElo "2247"]
[PlyCount "52"]
[EventDate "2014.08.01"]

1. e4 c5 2. Nf3 Nc6 3. Bb5 g6 4. O-O Bg7 5. c3 Nf6 6. Re1 O-O 7. d4 d5 8. e5
Ne4 9. Bd3 Be6 10. Na3 cxd4 11. cxd4 Qb6 12. Nc2 Rfd8 13. Rb1 Rac8 14. Be3 Qc7
15. Qe2 a6 16. Rec1 f6 17. Nb4 Qd7 18. Nxc6 Rxc6 19. Rxc6 Qxc6 20. Rc1 Qd7 21.
Bf4 g5 22. exf6 exf6 23. Rc7 Qe8 24. Bd2 Rd7 25. Rc1 Bf5 26. Bb4 Bf8 1/2-1/2

[Event "Aberto do Brasil Professor Joao Braga"]
[Site "CXSP Sao Paulo"]
[Date "2014.08.02"]
[Round "4.8"]
[White "Mendes, Rodrigo Machado"]
[Black "Marra, Eduardo Da Costa"]
[Result "0-1"]
[WhiteElo "1929"]
[BlackElo "2207"]
[PlyCount "92"]
[EventDate "2014.08.01"]

1. c4 Nf6 2. Nf3 e6 3. d4 c5 4. e3 cxd4 5. exd4 d6 6. Nc3 Be7 7. Bd3 b6 8. O-O
Bb7 9. Re1 O-O 10. Bg5 Nbd7 11. Rc1 Re8 12. Bb1 Rc8 13. b3 d5 14. cxd5 Nxd5 15.
Bxe7 Qxe7 16. Nxd5 Bxd5 17. Qd3 Nf6 18. Nd2 Red8 19. Nf1 Qa3 20. Qd2 Bb7 21.
Rxc8 Rxc8 22. Ne3 Qd6 23. Rd1 g6 24. f3 Rd8 25. Nc4 Qe7 26. Qg5 Rd5 27. Ne5 Kg7
28. Qe3 Qd8 29. h3 Ra5 30. Ng4 Nxg4 31. hxg4 h6 32. g3 Qd6 33. Kf2 e5 34. Rd2
Rd5 35. Be4 Rxd4 36. Rxd4 exd4 37. Qd3 Bxe4 38. Qxe4 d3 39. Qf4 Qxf4 40. gxf4
h5 41. gxh5 gxh5 42. Ke3 h4 43. Kxd3 h3 44. Kc4 h2 45. Kb5 h1=Q 46. Ka6 Qb1 0-1

[Event "Aberto do Brasil Professor Joao Braga"]
[Site "CXSP Sao Paulo"]
[Date "2014.08.02"]
[Round "4.9"]
[White "Santa Isabel, Marivaldo Dos Re"]
[Black "Abrantes, Tiago Garrido"]
[Result "0-1"]
[WhiteElo "1705"]
[BlackElo "2107"]
[PlyCount "58"]
[EventDate "2014.08.01"]

1. e4 g6 2. d4 Bg7 3. c4 d6 4. Nc3 b6 5. Be3 Bb7 6. Qd2 Nd7 7. Nge2 a6 8. a4 e5
9. b4 h6 10. d5 a5 11. b5 Ne7 12. Ng3 Nc5 13. Bxc5 dxc5 14. Rd1 Nc8 15. Be2 Nd6
16. h4 h5 17. Nf1 Bh6 18. Qd3 Bc8 19. Ne3 Qf6 20. Bf3 Bd7 21. Ne2 Qg7 22. g4
Bxe3 23. fxe3 hxg4 24. Bg2 Qf6 25. Kd2 Rxh4 26. Rxh4 Qxh4 27. Rh1 Qf6 28. Ng3
O-O-O 29. Rh6 Qf2+ 0-1

[Event "Aberto do Brasil Professor Joao Braga"]
[Site "CXSP Sao Paulo"]
[Date "2014.08.02"]
[Round "4.10"]
[White "Guimaraes, Artemis Pamela"]
[Black "Serafim Junior, Arnor"]
[Result "1/2-1/2"]
[WhiteElo "1996"]
[BlackElo "1839"]
[PlyCount "40"]
[EventDate "2014.08.01"]

1. e4 c5 2. Nf3 e6 3. d4 cxd4 4. Nxd4 a6 5. c4 Nf6 6. Nc3 Qc7 7. a3 Nc6 8. Be3
Be7 9. Be2 O-O 10. O-O b6 11. Rc1 Bc5 12. Nxc6 dxc6 13. Bxc5 bxc5 14. f4 Rd8
15. Qc2 e5 16. f5 Rd4 17. b3 Bb7 18. Bf3 Rad8 19. Rfd1 Qd6 20. Qe2 h6 1/2-1/2

[Event "Aberto do Brasil Professor Joao Braga"]
[Site "CXSP Sao Paulo"]
[Date "2014.08.02"]
[Round "4.11"]
[White "Yanaguihara, Vitor Kioshi"]
[Black "Rodrigues, Leonardo De Miranda"]
[Result "0-1"]
[WhiteElo "1795"]
[BlackElo "2143"]
[PlyCount "116"]
[EventDate "2014.08.01"]

1. c4 Nf6 2. Nc3 g6 3. g3 Bg7 4. Bg2 O-O 5. Nf3 d6 6. O-O e5 7. d3 Nc6 8. Rb1
a5 9. a3 Re8 10. Bg5 h6 11. Bxf6 Bxf6 12. Nd5 Bg7 13. b4 axb4 14. axb4 Be6 15.
Nd2 Rb8 16. b5 Nd4 17. e3 Nf5 18. b6 c6 19. Nc7 Rf8 20. Nb3 Bd7 21. Ra1 Ne7 22.
d4 exd4 23. exd4 Nc8 24. c5 dxc5 25. dxc5 Bxa1 26. Qxa1 Bg4 27. h3 Bf5 28. Rd1
Qg5 29. h4 Qh5 30. Re1 Bd7 31. Qd4 Qf5 32. Be4 Qg4 33. Qf6 Bf5 34. Bxf5 Qxf5
35. Ne8 Qxf6 36. Nxf6+ Kg7 37. Nd7 Ra8 38. Nxf8 Kxf8 39. Nd4 Ne7 40. Kg2 Ra5
41. Rc1 Nd5 42. Nb3 Rb5 43. Nd4 Rb4 44. Nf3 f6 45. Nd2 Ke7 46. Nc4 Rb5 47. Na3
Ra5 48. Nb1 Ra1 49. Re1+ Kf7 50. Rd1 Ke6 51. Re1+ Kf5 52. Rd1 Ke4 53. f4 Kf5
54. Rc1 Ra2+ 55. Kh3 Ne3 56. Nc3 Rd2 57. Re1 Ng4 58. Re2 Rd4 0-1

[Event "Aberto do Brasil Professor Joao Braga"]
[Site "CXSP Sao Paulo"]
[Date "2014.08.02"]
[Round "4.12"]
[White "De Oliveira, Francemir Barra"]
[Black "Salama, Andre Sasson"]
[Result "0-1"]
[WhiteElo "1762"]
[BlackElo "1977"]
[PlyCount "68"]
[EventDate "2014.08.01"]

1. e4 c5 2. Nf3 e6 3. d4 cxd4 4. Nxd4 Nf6 5. Nc3 Nc6 6. Be2 Bb4 7. f3 d5 8.
Nxc6 bxc6 9. e5 Nd7 10. f4 Qb6 11. Bd2 Qd4 12. Bf3 Ba6 13. Be2 Bb7 14. Rf1 a5
15. Bd3 Nc5 16. Qe2 Nxd3+ 17. Qxd3 Qa7 18. Qg3 O-O 19. O-O-O Ba6 20. Rf2 Rab8
21. f5 exf5 22. Rxf5 Qb7 23. b3 Rfe8 24. h4 Re6 25. h5 Bf8 26. Qf4 Qb4 27. Qg3
a4 28. Nb1 Qe4 29. Rg5 h6 30. Nc3 Qh7 31. Rg4 Ba3+ 32. Kb1 axb3 33. Ka1 bxc2
34. Bc1 Rb1+ 0-1

[Event "Aberto do Brasil Professor Joao Braga"]
[Site "CXSP Sao Paulo"]
[Date "2014.08.02"]
[Round "4.13"]
[White "Chagas, Humberto Luiz Cunha"]
[Black "Da Silva, Andressa Muniz"]
[Result "1-0"]
[WhiteElo "1868"]
[BlackElo "1471"]
[PlyCount "81"]
[EventDate "2014.08.01"]

1. d4 d5 2. c4 Nf6 3. Nc3 e6 4. Bg5 Be7 5. e3 Ne4 6. Bxe7 Qxe7 7. Nxe4 dxe4 8.
a3 O-O 9. Qg4 f5 10. Qg3 Nc6 11. Ne2 Qd6 12. Qxd6 cxd6 13. Nc3 a6 14. Be2 Rb8
15. O-O Ne7 16. b4 Bd7 17. f3 exf3 18. Bxf3 b5 19. c5 d5 20. Ne2 Ng6 21. Nf4
Nxf4 22. exf4 h6 23. Be2 Kh7 24. Rfc1 Bc6 25. Rcb1 Ra8 26. Kf2 a5 27. Bd3 a4
28. Re1 Bd7 29. Rac1 Ra6 30. c6 Rxc6 31. Rxc6 Bxc6 32. Rxe6 Be8 33. Rb6 Rf6 34.
Rxf6 gxf6 35. Bxf5+ Kg7 36. Be6 Bc6 37. f5 h5 38. Kg3 Kh6 39. Kh4 Bb7 40. Bd7
Ba6 41. h3 1-0

[Event "Aberto do Brasil Professor Joao Braga"]
[Site "CXSP Sao Paulo"]
[Date "2014.08.02"]
[Round "4.16"]
[White "De Souza, Camila"]
[Black "Yokomizo, Wilton"]
[Result "1-0"]
[WhiteElo "1824"]
[BlackElo "1467"]
[PlyCount "65"]
[EventDate "2014.08.01"]

1. d4 Nf6 2. Nf3 d5 3. c4 c6 4. Qc2 Bg4 5. Ne5 e6 6. Bg5 Bf5 7. Qb3 Qb6 8. c5
Qxb3 9. axb3 Be7 10. Nc3 O-O 11. e3 h6 12. Bh4 Re8 13. b4 Nbd7 14. Bxf6 Nxf6
15. b5 Ng4 16. Nf3 e5 17. h3 exd4 18. hxg4 dxc3 19. gxf5 cxb2 20. Rb1 Bf6 21.
Kd2 a5 22. Nd4 Bxd4 23. exd4 a4 24. Rxb2 a3 25. Ra2 Re4 26. Rh3 Rxd4+ 27. Rd3
Rda4 28. Rb3 Rf4 29. f3 Rxf5 30. Rbxa3 Rxa3 31. Rxa3 d4 32. Ra8+ Kh7 33. Bd3
1-0

[Event "Aberto do Brasil Professor Joao Braga"]
[Site "CXSP Sao Paulo"]
[Date "2014.08.03"]
[Round "5.1"]
[White "Matsuura, Everaldo"]
[Black "Quintiliano Pinto, Renato R"]
[Result "1-0"]
[WhiteElo "2473"]
[BlackElo "2370"]
[PlyCount "51"]
[EventDate "2014.08.01"]

1. Nf3 c5 2. g3 Nc6 3. d4 cxd4 4. Nxd4 g6 5. Bg2 Bg7 6. Nxc6 bxc6 7. O-O Rb8 8.
Nc3 d5 9. Na4 e5 10. e4 Ne7 11. b3 Qd6 12. Bb2 Ba6 13. Re1 Bb5 14. Qc1 Bxa4 15.
Ba3 c5 16. bxa4 dxe4 17. Qe3 Rc8 18. Red1 Qc6 19. Bxe4 Qxa4 20. Bxc5 Rc7 21.
Bd6 Rd7 22. Bxe7 Kxe7 23. Qc5+ Kf6 24. Rd6+ Rxd6 25. Qxd6+ Kg5 26. h4+ 1-0